[Event " NA Class A Server Championship, S40109"]
[Site "CCLA"]
[Date "2014.04.30"]
[Round "?"]
[White "Ragan, Anthony"]
[Black "Anderson, Clarence"]
[Result "1-0"]
[WhiteElo "1900"]
[BlackElo "1798"]

1. e4 d5 2. exd5 Qxd5 3. Nc3 Qd6 4. d4 Nf6 5. Nf3 a6 6. g3 b5 7. Bg2 Bb7 
8. O-O e6 9. Ne5 Qb6 10. d5 Bc5 11. dxe6 fxe6 12. Nc4 Qa7 13. Bxb7 Qxb7 
14. Na5 Qb6 15. Qf3 c6 16. Nb3 O-O 17. Ne4 Nxe4 18. Qxe4 Re8 19. Nxc5 Qxc5
20. Rd1 Qf5 21. Qd3 Ra7 22. Be3 Rf7 23. Qc3 Qf3 24. Rd3 Rd7 25. Rad1 Red8 
26. Bd4 Qf7 27. Kg2 Rd5 28. b4 Rc8 29. Rf3 Rf5 30. Rxf5 exf5 31. Be5 Nd7 
32. Bxg7 Nb6 33. Bd4 Nc4 34. Re1 Re8 35. Rxe8+ Qxe8 36. Qf3 Qe6 37. Qf4 
Kf7 38. Qc7+ Ke8 39. Qb8+ Kf7 40. Qc7+ Ke8 41. Qb8+ Kd7 42. Qb7+ Ke8 43. 
Qg7 Qf7 44. Qxf7+ Kxf7 45. Kf3 Nd6 46. Kf4 Ke6 47. f3 Nf7 48. h4 h5 49. c3
1-0

[Event "Herbert W. Gustafson Memorial Open, S47049"]
[Site "CCLA"]
[Date "2014.10.27"]
[Round "?"]
[White "Sereni, Vincent T."]
[Black "Laine, Jari"]
[Result "1/2-1/2"]
[WhiteElo "2118"]
[BlackElo "2144"]

1. e4 d5 2. exd5 Qxd5 3. Nc3 Qd6 4. Nf3 Nf6 5. Bc4 c6 6. O-O Bg4 7. h3 Bh5
8. d4 e6 9. Be3 Nbd7 10. Be2 Be7 11. g3 Qc7 12. Re1 O-O 13. a4 Bb4 14. Bd2
Bd6 15. Nh4 Bxe2 16. Qxe2 a6 17. Rad1 Qb6 18. b3 Qxd4 19. Bf4 Qxc3 20. 
Bxd6 Rfd8 21. Rd3 Qa5 22. Red1 Re8 23. Ba3 Rad8 24. Bb2 Nf8 25. Bxf6 Rxd3 
26. Rxd3 gxf6 27. Qg4+ Qg5 28. Qd1 Qc5 29. Qd2 Qg5 30. Qc3 f5 31. Nf3 Qe7 
32. Qd2 f6 33. Nd4 Kh8 34. Ne2 e5 35. Rd6 Rc8 36. Kg2 Rc7 37. Ng1 Ng6 38. 
c4 Kg8 39. c5 f4 40. Ne2 Qg7 41. b4 f5 42. Kh2 f3 43. Nc3 e4 44. Nd1 Rf7 
45. Ne3 Nf8 46. Qa2 Kh8 47. Qc4 Rd7 1/2-1/2

[Event "Herbert W. Gustafson Memorial, S47159"]
[Site "CCLA"]
[Date "2014.10.27"]
[Round "?"]
[White "Mueller, Anthony"]
[Black "Cangelosi, Dominic"]
[Result "1/2-1/2"]
[WhiteElo "1367"]
[BlackElo "1415"]

1. e4 d5 2. exd5 Qxd5 3. Nc3 Qa5 4. Nf3 Nf6 5. d4 Bg4 6. Be2 e6 7. Bd2 Bb4
8. a3 Bd6 9. Ne4 Qd5 10. Nxf6+ gxf6 11. O-O Nc6 12. a4 Bxf3 13. Bxf3 Qxd4 
14. Bxc6+ bxc6 15. Bc3 Qh4 16. g3 Rg8 17. Kh1 Qh6 18. Qd2 Qg6 19. Rae1 Rd8
20. Rd1 Ke7 21. Rfe1 Rd7 22. Bb4 Rgd8 23. Bxd6+ Rxd6 24. Qe2 Rxd1 25. Rxd1
Rxd1+ 26. Qxd1 Qe4+ 27. f3 Qxa4 28. b3 Qb4 29. Kg2 a5 30. Qd3 a4 31. bxa4 
Qxa4 32. Qxh7 Qc4 33. Qe4 Qxe4 34. fxe4 Kf8 35. Kf3 Kg7 36. Kf4 1/2-1/2

[Event "Winter Server Series, S40041"]
[Site "CCLA"]
[Date "2014.01.27"]
[Round "?"]
[White "Smiley, William R."]
[Black "Cain, Larry F."]
[Result "1-0"]
[WhiteElo "1530"]
[BlackElo "1267"]

1. e4 d5 2. exd5 Qxd5 3. Nc3 Qa5 4. d4 Nf6 5. Nf3 c6 6. Bc4 Bf5 7. Bd2 e6 
8. a3 Qc7 9. Ne5 Bd6 10. Nf3 O-O 11. O-O Ng4 12. g3 Nd7 13. h3 Ngf6 14. 
Re1 Bxg3 15. fxg3 Qxg3+ 16. Kh1 Qxh3+ 17. Kg1 Qg3+ 18. Kh1 Bg4 19. Re3 
Qh3+ 20. Kg1 Qh5 21. Bf1 Rfe8 22. Be2 Bh3 23. Bf1 Bg4 24. Bg2 Rad8 25. Qf1
Bxf3 26. Rxf3 Qg6 27. Rc1 Nf8 28. Ne2 N8d7 29. Rg3 Qf5 30. Rf3 Qg4 31. Rg3
Qf5 32. c3 Qxf1+ 33. Rxf1 Rc8 34. Bg5 Kh8 35. Rgf3 Kg8 36. Bh3 Kh8 37. Nc1
c5 38. d5 exd5 39. Bxf6 Rc7 40. Bxd7 Rxd7 41. Bg5 f6 42. Bf4 Kg8 43. Re3 
Rf8 44. Rfe1 Kf7 45. Re6 d4 46. cxd4 cxd4 47. Nd3 a6 48. Bd6 Rc8 49. Re7+ 
Rxe7 50. Rxe7+ Kg8 51. Rxb7 h6 52. Rb8 Rxb8 53. Bxb8 Kf7 54. Ba7 g5 55. 
Bxd4 h5 56. b4 Ke6 57. Nc5+ Kd5 58. Bxf6 g4 59. Nxa6 Kc6 60. a4 Kb6 61. b5
Ka7 62. Bh4 Kb6 63. Kf2 Kb7 64. Ke3 Kb6 65. Kf4 Kb7 66. Kg5 Kb6 67. Kxh5 
Ka5 68. Kxg4 Kb6 69. Kf4 Ka7 70. Ke4 Kb6 71. Kd4 Ka7 72. Kc4 Kb6 73. Nb4 
Kb7 74. a5 Ka7 75. b6+ Kb7 76. Kb5 Kb8 77. a6 Ka8 78. b7+ Ka7 79. Nc6# 1-0

[Event "Summer Server Series, S40081"]
[Site "CCLA"]
[Date "2014.07.28"]
[Round "?"]
[White "Blankenship, Jerry T."]
[Black "Lasley, Matthew"]
[Result "1-0"]
[WhiteElo "1599"]
[BlackElo "1514"]

1. e4 d5 2. exd5 Nf6 3. Nf3 Bg4 4. Be2 Qxd5 5. Nc3 Qf5 6. d4 Nc6 7. O-O 
O-O-O 8. Be3 e5 9. d5 Bb4 10. Bd3 e4 11. Nxe4 Qxd5 12. Nxf6 gxf6 13. h3 
Bxf3 14. Qxf3 Qxf3 15. gxf3 Rhg8+ 16. Kh1 Ne5 17. Bxh7 Rg7 18. Bf5+ Kb8 
19. Rfd1 Rdg8 20. Be4 Nc4 21. Bh6 Nxb2 22. Bxg7 Nxd1 23. Rxd1 Bc5 24. Bxf6
Bxf2 25. Rd8+ Rxd8 26. Bxd8 Kc8 27. Bf6 c6 28. h4 1-0

[Event "Winter Server Series, S40041"]
[Site "CCLA"]
[Date "2014.01.27"]
[Round "?"]
[White "Anderson, Lawrence D."]
[Black "Simonson, Jay"]
[Result "0-1"]
[WhiteElo "1365"]
[BlackElo "1364"]

1. e4 d5 2. exd5 Nf6 3. Bb5+ Bd7 4. Bc4 c6 5. dxc6 Nxc6 6. Nf3 e5 7. Ng5 
Bc5 8. Bxf7+ Kf8 9. O-O h6 10. Ne6+ Bxe6 11. Bxe6 Qb6 12. Qe2 Nd4 13. Qd3 
Nxe6 14. Qe2 Nd7 15. d3 Nf4 16. Qf3 g5 17. b3 Kg7 18. Be3 Qf6 19. Nd2 Bxe3
20. fxe3 Ne6 21. Ne4 Qxf3 22. Rxf3 Raf8 23. Rxf8 Ndxf8 24. Rf1 Ng6 25. Rf6
Re8 26. Kf2 Nef8 27. g3 Nd7 28. Rd6 Nb6 29. Kf3 Rf8+ 30. Ke2 Rf7 31. a4 
Ne7 32. c3 Nf5 33. c4 Nxd6 34. Nxd6 Rd7 35. Nf5+ Kg6 36. g4 h5 37. h3 hxg4
38. hxg4 Rh7 39. Kf3 Rh2 40. d4 exd4 41. Nxd4 Nd7 42. b4 Ne5+ 43. Kg3 Rh4 
44. c5 Rxg4+ 45. Kh3 Re4 46. Nc2 Nc4 47. Kg3 Nxe3 48. Kf3 Rc4 49. Nxe3 
Rxb4 50. a5 Rb5 51. c6 bxc6 52. Nc4 Rf5+ 53. Kg3 a6 0-1

[Event "Continuous Server Series, S40149"]
[Site "CCLA"]
[Date "2014.05.05"]
[Round "?"]
[White "Kline, John T."]
[Black "Lasley, Matthew"]
[Result "1-0"]
[WhiteElo "1569"]
[BlackElo "1514"]

1. e4 d5 2. exd5 Nf6 3. Bb5+ Bd7 4. Be2 Nxd5 5. d4 b5 6. Nf3 e6 7. Ne5 c5 
8. O-O cxd4 9. Nxd7 Qxd7 10. Qxd4 Nc6 11. Qg4 Ne5 12. Qg3 Ng6 13. Nc3 Bd6 
14. Qf3 O-O 15. Nxb5 Be5 16. Rd1 Rab8 17. c4 Qe8 18. cxd5 Rxb5 19. Bxb5 
Qxb5 20. Qb3 Qe2 21. dxe6 fxe6 22. Qxe6+ Kh8 23. Be3 Bxb2 24. Rab1 Ba3 25.
 Rd2 Qh5 26. Rd7 Qe2 27. Rxg7 Kxg7 28. Bd4+ Kh6 29. Qxe2 1-0

[Event "Summer Server Series, S40081"]
[Site "CCLA"]
[Date "2014.07.28"]
[Round "?"]
[White "Smiley, William R."]
[Black "Lasley, Matthew"]
[Result "1-0"]
[WhiteElo "1530"]
[BlackElo "1514"]

1. e4 d5 2. exd5 Nf6 3. c4 e6 4. dxe6 Nc6 5. exf7+ Kxf7 6. Nf3 Bg4 7. Be2 
Bxf3 8. Bxf3 Qd3 9. Bd5+ Nxd5 10. Qh5+ Ke6 11. cxd5+ Qxd5 12. Qxd5+ Kxd5 
13. a3 Re8+ 14. Kd1 Bc5 15. f3 Re6 16. d3 Kd4 17. Nc3 Kxd3 18. Ne4 Bb6 19.
 b4 Rd8 20. Bd2 h6 21. Rc1 Bd4 22. Nc5+ Bxc5 23. Rc3+ Kd4 24. Rxc5 Re5 25.
 Rxe5 Nxe5 26. Kc2 Nc4 27. Ra1 Ne3+ 28. Kb3 Nxg2 29. Bxh6 Re8 30. Bxg7+ 
Ke3 31. h4 Kxf3 32. h5 Re3+ 33. Ka4 c6 34. Bb2 Nf4 35. h6 Nd5 36. Bd4 1-0

[Event "Premier Quad, S40229"]
[Site "CCLA"]
[Date "2014.07.21"]
[Round "?"]
[White "Richardson, Ryan M."]
[Black "Delgado, Emilio Salvador"]
[Result "1-0"]
[WhiteElo "1689"]
[BlackElo "1634"]
[BlackElo "1637"]

1. e4 d5 2. exd5 Nf6 3. d4 Bg4 4. Bb5+ Nbd7 5. f3 Bf5 6. c4 a6 7. Ba4 b5 
8. cxb5 Nxd5 9. a3 e6 10. Ne2 Bd6 11. Nbc3 O-O 12. O-O Qh4 13. f4 N7b6 14.
 bxa6 Rxa6 15. Bc2 1-0

[Event "Herbert W. Gustafson Memorial Open, S47119"]
[Site "CCLA"]
[Date "2014.10.27"]
[Round "?"]
[White "Lines, Daniel"]
[Black "McLaughlin, Ed"]
[Result "1-0"]
[WhiteElo "1589"]
[BlackElo "1561"]

1. d4 Nf6 2. Nf3 g6 3. e4 d5 4. exd5 Nxd5 5. Bc4 Bg7 6. Nc3 Nxc3 7. bxc3 
O-O 8. O-O Nd7 9. Re1 Nb6 10. Bb3 c5 11. Bg5 Bf6 12. dxc5 Nd7 13. Bxf6 
exf6 14. Qd6 Qa5 15. Re7 Qxc3 16. Rd1 Nxc5 17. Bxf7+ Rxf7 18. Nd4 Bg4 19. 
Qd5 Rf8 20. Rb1 Kg7 21. Re3 Qa5 22. Rb5 Qc3 23. Rxc3 1-0

[Event "Premier Quad, S40439"]
[Site "CCLA"]
[Date "2014.12.19"]
[Round "?"]
[White "Vecchio, Ralph"]
[Black "Disque, Philip"]
[Result "1-0"]
[WhiteElo "1815"]
[BlackElo "1669"]

1. e4 Nf6 2. Bc4 Nxe4 3. Bxf7+ Kxf7 4. Qh5+ g6 5. Qd5+ e6 6. Qxe4 d5 7. 
Qf3+ Qf6 8. d4 Qxf3 9. Nxf3 Bd6 10. Nc3 a6 11. Bh6 Re8 12. O-O c5 13. Rfe1
Nc6 14. Ng5+ Kf6 15. Nxd5+ Kf5 16. Ne3+ Kf6 17. Nd5+ Kf5 18. Nxh7 Nxd4 19.
 Ne3+ Ke5 20. f4+ 1-0

[Event "Regular Quad, S40399"]
[Site "CCLA"]
[Date "2014.11.24"]
[Round "?"]
[White "Acosta, Errol"]
[Black "Miller, Allan A."]
[Result "0-1"]
[WhiteElo "1365"]
[BlackElo "1563"]

1. e4 Nf6 2. d3 e5 3. f4 d6 4. Nf3 Nc6 5. Nc3 g6 6. Be2 Bg7 7. O-O O-O 8. 
Qe1 Bg4 9. Qg3 Bxf3 10. Bxf3 exf4 11. Bxf4 Nd4 12. Rf2 Nxf3+ 13. Rxf3 Nh5 
14. Qg4 Nxf4 15. Qxf4 f5 16. exf5 Rxf5 17. Qc4+ d5 18. Qb3 Rxf3 19. gxf3 
c6 20. Ne2 Qb6+ 21. Qxb6 axb6 22. c3 Re8 23. Kf1 Re3 24. Rd1 Rxf3+ 25. Kg2
Rf6 26. d4 Bh6 27. b3 b5 28. Ng1 Bf4 29. Nh3 Bd6 30. b4 h6 31. a3 Kf7 32. 
Rd3 g5 33. Nf2 Re6 34. Ng4 h5 35. Ne5+ Bxe5 36. dxe5 Rxe5 37. Kg3 Re2 38. 
c4 bxc4 39. Rc3 b5 40. h3 d4 0-1

[Event "Regular Quad, S40329"]
[Site "CCLA"]
[Date "2014.09.26"]
[Round "?"]
[White "McLaughlin, Ed"]
[Black "Miller, Allan A."]
[Result "1/2-1/2"]
[WhiteElo "1561"]
[BlackElo "1563"]

1. e4 Nf6 2. d3 e5 3. f4 d6 4. Nf3 Nc6 5. Nc3 Bg4 6. Be2 Be7 7. O-O Bxf3 
8. Bxf3 Nd4 9. f5 Nxf3+ 10. Qxf3 c6 11. Be3 d5 12. Bf2 dxe4 13. Nxe4 Nxe4 
14. Qxe4 Qd5 15. Rfe1 Qxe4 16. Rxe4 f6 17. Rae1 c5 18. g4 Kd7 19. h4 Rae8 
20. c3 Bd6 21. d4 cxd4 22. cxd4 b6 23. dxe5 Rxe5 24. Kg2 Rxe4 25. Rxe4 Rc8
26. Re2 Rc4 27. Kh3 Be5 28. Rd2+ Kc7 29. Bg3 Bxg3 30. Kxg3 b5 31. Re2 Kd7 
32. Kf3 h5 33. Re4 Rxe4 34. Kxe4 hxg4 35. Kf4 g3 36. Kxg3 Kd6 37. Kf4 Kd5 
38. b4 Kc4 39. a3 Kb3 40. Kg4 Kxa3 41. Kh5 Kxb4 42. Kg6 a5 43. Kxg7 a4 44.
 h5 a3 45. h6 a2 46. h7 a1=Q 47. h8=Q Qg1+ 48. Kf7 Qa7+ 1/2-1/2

[Event "3rd TCCL Friendly Server Tournament, 3rdTCCL"]
[Site "CCLA"]
[Date "2014.07.10"]
[Round "?"]
[White "Latta, Richard W."]
[Black "Smith, Jason A."]
[Result "0-1"]
[WhiteElo "1396"]
[BlackElo "1717"]

1. e4 Nf6 2. Nc3 d5 3. Bb5+ c6 4. Ba4 Nxe4 5. Nxe4 dxe4 6. Qh5 Be6 7. Ne2 
Qd5 8. Qh4 Qf5 9. Qg3 Qg4 10. Qc7 Bc4 11. O-O Bxe2 12. Re1 Bf3 13. Qc8+ 
Qxc8 14. gxf3 exf3 15. Bb3 Qg4+ 16. Kf1 Qg2# 0-1

[Event "2nd TCCL Friendly Server Tournament, 2ndTCCL"]
[Site "CCLA"]
[Date "2014.06.15"]
[Round "?"]
[White "Shaffer, Aaron"]
[Black "Caliguire, John J."]
[Result "0-1"]
[WhiteElo "1383"]
[BlackElo "2233"]

1. e4 Nf6 2. Nc3 d5 3. d3 d4 4. Nce2 e5 5. f4 exf4 6. Bxf4 Nh5 7. c3 Nxf4 
8. Nxd4 c5 9. Nde2 Nxd3+ 10. Kd2 Nxb2+ 0-1

[Event "3rd TCCL Friendly Server Tournament, 3rdTCCL"]
[Site "CCLA"]
[Date "2014.07.10"]
[Round "?"]
[White "Dressler, River"]
[Black "Smith, Jason A."]
[Result "0-1"]
[WhiteElo "1293"]
[BlackElo "1717"]

1. e4 Nf6 2. Nc3 d5 3. exd5 Nxd5 4. Nxd5 Qxd5 5. c4 Qe4+ 6. Qe2 Bf5 7. f3 
Qxe2+ 8. Bxe2 Nc6 9. g4 Be6 10. d3 Nd4 11. Be3 Nc2+ 12. Kd2 Nxa1 13. Nh3 
Nb3+ 14. axb3 g6 15. Ng5 Bh6 16. Nxe6 Bxe3+ 17. Kxe3 fxe6 18. h4 h5 19. 
gxh5 gxh5 20. d4 a5 21. f4 b6 22. Rg1 Kd7 23. d5 exd5 24. cxd5 Rag8 25. 
Rxg8 Rxg8 26. Bxh5 Rh8 27. Bg4+ Kd6 28. f5 Rxh4 29. Bf3 Ke5 30. Kf2 Kxf5 
31. Kg3 Rb4 32. Bd1 Ke5 33. Kf3 Kxd5 34. Ke3 c5 35. Kd3 Rd4+ 36. Kc2 Rxd1 
37. Kxd1 c4 38. bxc4+ Kxc4 39. Kd2 Kb3 40. Kc1 a4 41. Kb1 e5 42. Ka1 e4 
43. Kb1 e3 44. Kc1 e2 45. Kd2 Kxb2 46. Kxe2 a3 47. Kd3 a2 48. Kc4 a1=Q 49.
 Kb5 Kb3 50. Kxb6 Qc3 51. Kb5 Qc4+ 52. Kb6 Kb4 53. Kb7 Kb5 54. Ka7 Qf7+ 
55. Kb8 Kb6 56. Kc8 Qe8# 0-1

[Event "Regular Quad, S40329"]
[Site "CCLA"]
[Date "2014.09.26"]
[Round "?"]
[White "Sullivan, Terry"]
[Black "Miller, Allan A."]
[Result "0-1"]
[WhiteElo "1113"]
[BlackElo "1563"]

1. e4 Nf6 2. e5 Nd5 3. a3 d6 4. exd6 cxd6 5. Qf3 e6 6. Nc3 Nxc3 7. dxc3 
Nc6 8. Bb5 Bd7 9. Nh3 Be7 10. O-O a6 11. Bxc6 Bxc6 12. Qd3 Rc8 13. b3 Bf6 
14. Nf4 Bb5 15. c4 Bxc4 16. bxc4 Bxa1 17. c5 dxc5 18. a4 Qxd3 19. Nxd3 c4 
20. Nc5 Rxc5 21. Be3 Rd5 22. Bb6 Bf6 23. c3 Kd7 24. a5 Bxc3 25. h3 Bxa5 
26. Be3 Rc8 27. Ra1 c3 28. Rf1 c2 29. h4 Bd2 30. Bxd2 Rxd2 31. Rc1 Rd1+ 
32. Rxd1+ cxd1=Q+ 33. Kh2 Rc3 34. h5 Qxh5+ 35. Kg1 Rc1# 0-1

[Event "NA Class C Server Championship, S40129"]
[Site "CCLA"]
[Date "2014.04.30"]
[Round "?"]
[White "Smiley, William R."]
[Black "Miller, Allan A."]
[Result "0-1"]
[WhiteElo "1530"]
[BlackElo "1563"]

1. e4 Nf6 2. e5 Nd5 3. d4 d6 4. c4 Nb6 5. f4 Bf5 6. Nc3 e6 7. Bd3 Bxd3 8. 
Qxd3 dxe5 9. fxe5 Nc6 10. Nf3 Nb4 11. Qe2 c5 12. Be3 cxd4 13. Rd1 d3 14. 
Bxb6 Qxb6 15. Qd2 Nc2+ 16. Kf1 Ne3+ 17. Ke1 Nxd1 18. Nxd1 Bb4 19. Nc3 Bxc3
0-1

[Event "Regular Quad, S40299"]
[Site "CCLA"]
[Date "2014.09.15"]
[Round "?"]
[White "Smiley, William R."]
[Black "Miller, Allan A."]
[Result "0-1"]
[WhiteElo "1530"]
[BlackElo "1563"]

1. e4 Nf6 2. e5 Nd5 3. d4 d6 4. c4 Nb6 5. f4 dxe5 6. fxe5 Bf5 7. Nc3 e6 8.
 Nf3 Be7 9. Be3 c6 10. Be2 N8d7 11. O-O Bg4 12. b3 Nf8 13. Ne4 Ng6 14. h3 
Bxf3 15. Rxf3 Nh4 16. Rf1 Nf5 17. Bf2 Nd7 18. Bg4 Nh6 19. Bf3 Nf8 20. Qe1 
Ng6 21. Bg3 Nf5 22. Bf2 Nxd4 23. Bxd4 Qxd4+ 0-1

[Event "Regular Quad, S40309"]
[Site "CCLA"]
[Date "2014.09.15"]
[Round "?"]
[White "Stroup, Jim"]
[Black "Miller, Allan A."]
[Result "1-0"]
[WhiteElo "1768"]
[BlackElo "1563"]

1. e4 Nf6 2. e5 Nd5 3. c4 Nb6 4. d4 d6 5. exd6 exd6 6. Nc3 Bf5 7. Nf3 Be7 
8. Be2 O-O 9. O-O N8d7 10. Be3 c6 11. b3 Re8 12. Re1 Nf6 13. Bd3 Bxd3 14. 
Qxd3 g6 15. Re2 Bf8 16. Rae1 Qd7 17. h3 Re7 18. d5 Rae8 19. a4 c5 20. Bg5 
Rxe2 21. Rxe2 Rxe2 22. Qxe2 Bg7 23. Qe3 Nc8 24. Bxf6 Bxf6 25. Ne4 Bg7 26. 
Qf4 Qe7 27. g4 Nb6 28. Nxd6 Nd7 29. Nxb7 Ne5 30. d6 Nxf3+ 31. Qxf3 Qd7 32.
 Qd5 Bd4 33. Nxc5 1-0

[Event "Regular Quad, S40309"]
[Site "CCLA"]
[Date "2014.09.15"]
[Round "?"]
[White "Laven, George"]
[Black "Miller, Allan A."]
[Result "1-0"]
[WhiteElo "1834"]
[BlackElo "1563"]

1. e4 Nf6 2. e5 Nd5 3. d4 d6 4. c4 Nb6 5. exd6 exd6 6. Nc3 Bf5 7. Nf3 Be7 
8. Bd3 Bxd3 9. Qxd3 O-O 10. O-O Nc6 11. b3 Nd7 12. Re1 Nf6 13. d5 Nb4 14. 
Qe2 Re8 15. a3 Bf8 16. Be3 Na6 17. Qc2 g6 18. Bg5 Nc5 19. Rxe8 1-0

[Event "Regular Quad, S40239"]
[Site "CCLA"]
[Date "2014.07.28"]
[Round "?"]
[White "Blankenship, Jerry T."]
[Black "Miller, Allan A."]
[Result "1-0"]
[WhiteElo "1599"]
[BlackElo "1563"]

1. e4 Nf6 2. e5 Nd5 3. c4 Nb6 4. d4 d6 5. exd6 exd6 6. Nc3 Bf5 7. Nf3 Be7 
8. Bd3 Qd7 9. Be3 Nc6 10. O-O O-O-O 11. Ne4 Nb4 12. d5 Nxd3 13. Qxd3 h6 
14. Bxb6 axb6 15. Qa3 Kb8 16. Nc3 c6 17. Nd4 Kc7 18. dxc6 bxc6 19. Qa7+ 
Kc8 20. Qa8+ Kc7 21. Ndb5+ 1-0

[Event "Regular Quad, S40249"]
[Site "CCLA"]
[Date "2014.08.08"]
[Round "?"]
[White "Perry, William E."]
[Black "Miller, Allan A."]
[Result "1-0"]
[WhiteElo "1440"]
[BlackElo "1563"]

1. e4 Nf6 2. e5 Nd5 3. d4 d6 4. c4 Nb6 5. exd6 exd6 6. Nc3 Bf5 7. Bd3 Bxd3
8. Qxd3 Be7 9. Nf3 N8d7 10. O-O Nf6 11. Re1 O-O 12. b3 Nbd7 13. Bb2 Re8 
14. Re2 Nf8 15. Rae1 Ng6 16. d5 Qd7 17. Qd2 Bf8 18. Ne4 Nxe4 19. Rxe4 Rxe4
20. Rxe4 Re8 21. Rxe8 Qxe8 22. Qd4 Qe2 23. Qd2 Qxd2 24. Nxd2 f6 25. Bd4 a6
26. g3 Kf7 27. Ne4 Ne5 28. Ba7 Ke7 29. Be3 Kd7 30. Kf1 b5 31. cxb5 axb5 
32. Ke2 Ng4 33. h3 Nxe3 34. Kxe3 c6 35. dxc6+ Kxc6 36. a4 bxa4 37. bxa4 d5
38. Nd2 Bc5+ 39. Ke2 f5 40. Nb3 Bb6 41. f3 h5 42. Kd3 Kd6 43. a5 Bf2 44. 
a6 Kc7 45. Nd4 g6 46. a7 Kb7 47. Nc6 Bc5 48. a8=Q+ Kxa8 49. Ne5 Bf2 50. 
Nxg6 Bxg3 51. Kd4 Kb7 52. Kxd5 Kc7 53. Ke6 f4 54. Kf5 Kd6 55. Nxf4 1-0

[Event "Open Server Series, S40179"]
[Site "CCLA"]
[Date "2014.06.02"]
[Round "?"]
[White "Ramsden, Jim E."]
[Black "Disque, Philip"]
[Result "1-0"]
[WhiteElo "1836"]
[BlackElo "1669"]

1. e4 Nf6 2. e5 Nd5 3. d4 d6 4. Nf3 dxe5 5. Nxe5 c6 6. Be2 Bf5 7. c3 Nd7 
8. Nxd7 Qxd7 9. Bg5 h6 10. Bh4 Nf4 11. O-O Nxe2+ 12. Qxe2 g5 13. Bg3 Bg7 
14. Re1 h5 15. h4 g4 16. Nd2 Rh6 17. Nc4 Re6 18. Qd2 Bh6 19. Bf4 Bxf4 20. 
Qxf4 Bg6 21. Ne5 Qd5 22. Nxg6 Rxg6 23. Re5 Qd7 24. Rae1 e6 25. Rxh5 O-O-O 
26. Rh7 Rf8 27. h5 Rgg8 28. h6 Rg6 29. Re5 Qc7 30. Rg7 Rxg7 31. hxg7 1-0

[Event "Herbert W Gustafson Memorial, S47129"]
[Site "CCLA"]
[Date "2014.10.27"]
[Round "?"]
[White "Strelecky, Rich"]
[Black "Miller, Allan A."]
[Result "1/2-1/2"]
[WhiteElo "1584"]
[BlackElo "1563"]

1. e4 Nf6 2. e5 Nd5 3. d4 d6 4. Nf3 Bg4 5. Be2 dxe5 6. dxe5 Nc6 7. O-O e6 
8. a3 Bxf3 9. Bxf3 Nxe5 10. Re1 Nxf3+ 11. Qxf3 Qf6 12. Qxd5 Bd6 13. Qb5+ 
c6 14. Qxb7 O-O 15. Qxc6 Be5 16. c3 Rfd8 17. Qf3 Qxf3 18. gxf3 Bf6 19. Bf4
g5 20. Be5 Bxe5 21. Rxe5 Rd1+ 22. Kg2 h6 23. h4 gxh4 24. Re4 Kh7 25. Rxh4 
f5 26. Kh2 Rg8 27. Rd4 Rf1 28. f4 Rxf2+ 29. Kh1 Rf1+ 1/2-1/2

[Event "Regular Quad, S40249"]
[Site "CCLA"]
[Date "2014.08.08"]
[Round "?"]
[White "Miner, David"]
[Black "Miller, Allan A."]
[Result "1-0"]
[WhiteElo "1619"]
[BlackElo "1563"]

1. e4 Nf6 2. e5 Nd5 3. d4 d6 4. Nf3 Bg4 5. Be2 dxe5 6. Nxe5 Bxe2 7. Qxe2 
e6 8. Qb5+ Nd7 9. Nxd7 Qxd7 10. Qxb7 Nb6 11. O-O Bd6 12. c4 c5 13. Qxd7+ 
Kxd7 14. dxc5 Bxc5 15. b3 Ke7 16. Bb2 f6 17. Nd2 Rhd8 18. Ne4 Bd4 19. Ba3+
Kf7 20. Rad1 Be5 21. Bd6 Bxd6 22. Nxd6+ Kg6 23. f4 Rd7 24. Rfe1 Rad8 25. 
Rxe6 Nc8 26. c5 Nxd6 27. Rexd6 Rxd6 28. Rxd6 Rxd6 29. cxd6 Kf7 30. f5 Ke8 
31. Kf2 Kd7 32. Ke3 Kxd6 33. Kd4 g6 34. fxg6 hxg6 35. g4 f5 36. gxf5 gxf5 
37. h4 1-0

[Event "Continuous Server Series, S40069"]
[Site "CCLA"]
[Date "2014.03.03"]
[Round "?"]
[White "Kline, John T."]
[Black "Miller, Allan A."]
[Result "1-0"]
[WhiteElo "1569"]
[BlackElo "1563"]

1. e4 Nf6 2. e5 Nd5 3. d4 d6 4. Nf3 Bg4 5. Be2 e6 6. h3 Bxf3 7. Bxf3 c6 8.
 c4 Nb6 9. Qb3 dxe5 10. c5 exd4 11. cxb6 Qxb6 12. Qc2 Bb4+ 13. Nd2 Nd7 14.
 a3 Be7 15. Nc4 Qc7 16. Bd2 Rd8 17. O-O Nf6 18. Na5 Qd7 19. Nxb7 Rc8 20. 
Nc5 Qd6 21. Bb4 Qf4 22. Nd3 Qf5 23. Bxe7 Kxe7 24. Qc5+ Qxc5 25. Nxc5 Rhd8 
26. Rfd1 e5 27. Rac1 Nd5 28. Re1 f6 29. Bg4 Rb8 30. Ne6 Rxb2 31. Nxd8 Kxd8
32. Rxc6 Nf4 33. Rec1 Ne2+ 34. Bxe2 Rxe2 35. Rc8+ Ke7 36. R1c7+ Ke6 37. 
Rd8 Kf5 38. Rxg7 Ke4 39. Rxh7 f5 40. Rxa7 Kd3 41. h4 Kd2 42. h5 d3 43. h6 
1-0

[Event "Regular Quad, S40249"]
[Site "CCLA"]
[Date "2014.08.08"]
[Round "?"]
[White "Eife, Gunter"]
[Black "Miller, Allan A."]
[Result "1/2-1/2"]
[WhiteElo "1448"]
[BlackElo "1563"]

1. e4 Nf6 2. e5 Nd5 3. d4 d6 4. Nf3 Bg4 5. Be2 e6 6. O-O Be7 7. c4 Nb6 8. 
Nc3 O-O 9. Be3 N8d7 10. exd6 cxd6 11. b3 Rc8 12. Rc1 Nf6 13. h3 Bxf3 14. 
Bxf3 Rc7 15. Nb5 Rd7 16. Nxa7 d5 17. c5 Nc8 18. Nxc8 Qxc8 19. b4 Ne4 20. 
Qc2 f5 21. Bxe4 1/2-1/2

[Event "Continuous Server Series, S40199"]
[Site "CCLA"]
[Date "2014.06.09"]
[Round "?"]
[White "Acosta, Errol"]
[Black "Howard, James"]
[Result "1-0"]
[WhiteElo "1365"]
[BlackElo "1183"]

1. e4 g6 2. f4 Nf6 3. Nc3 Bg7 4. Nf3 O-O 5. Bc4 e5 6. O-O g5 7. fxg5 Ng4 
8. h3 Nf6 9. gxf6 Qxf6 10. d3 d5 11. Nxd5 Qd6 12. Nh4 c6 13. Nc3 a5 14. 
Be3 b5 15. Nxb5 cxb5 16. Bxb5 Ra7 17. Nf5 Qg6 18. Bxa7 Nd7 19. Ne7+ Kh8 
20. Nxg6+ Kg8 21. Nxf8 Nxf8 22. Qf3 Be6 23. Be8 a4 24. Bxf7+ Bxf7 25. 
Qxf7+ Kh8 26. Qxf8+ Bxf8 27. Rxf8+ Kg7 28. Raf1 h5 29. R1f6 h4 30. R8f7+ 
Kg8 31. Rb7 a3 32. Rc6 axb2 33. Rc8# 1-0

[Event "Herbert W. Gustafson Memorial Open, S47119"]
[Site "CCLA"]
[Date "2014.10.27"]
[Round "?"]
[White "McLaughlin, Ed"]
[Black "Smiley, William R."]
[Result "1-0"]
[WhiteElo "1561"]
[BlackElo "1530"]

1. d4 g6 2. e4 e6 3. f4 Nf6 4. Bd3 d6 5. Nf3 Nbd7 6. O-O Bg7 7. c3 c5 8. 
Be3 b6 9. h3 d5 10. e5 Ng8 11. Nbd2 Ne7 12. Bb5 c4 13. g4 a6 14. Ba4 b5 
15. Bc2 O-O 16. Rf2 Re8 17. Nf1 Nf8 18. Ng3 f5 19. Rh2 Ra7 20. g5 Nc6 21. 
h4 Rf7 22. h5 gxh5 23. Nxh5 1-0

[Event "Premier Quad, S40459"]
[Site "CCLA"]
[Date "2014.12.29"]
[Round "?"]
[White "Catania, Duane"]
[Black "Shepherd, Christopher B."]
[Result "1/2-1/2"]
[WhiteElo "1774"]
[BlackElo "1682"]

1. e4 g6 2. d4 Bg7 3. c3 d6 4. f4 Nf6 5. Bd3 O-O 6. Nf3 c5 7. O-O cxd4 8. 
cxd4 Nc6 9. Nc3 Bg4 10. Be3 Rc8 11. h3 Bxf3 12. Qxf3 Nd7 13. Qf2 e6 14. 
Rac1 Nb6 15. f5 exf5 16. exf5 Nb4 17. Bb1 N4d5 18. Nxd5 Nxd5 19. Kh1 Nxe3 
20. Qxe3 Rxc1 21. Rxc1 Qb6 22. fxg6 hxg6 23. b3 Qxd4 24. Qxd4 Bxd4 25. Rd1
Be5 26. Be4 b6 27. Kg1 Rc8 28. Kf2 Rc3 29. Ke2 Kg7 30. Rd3 Rc2+ 31. Rd2 
Rc3 32. Rd3 Rc2+ 33. Rd2 Rc3 34. Rd3 Rc2+ 1/2-1/2

[Event "Premier Quad, S40229"]
[Site "CCLA"]
[Date "2014.07.21"]
[Round "?"]
[White "Disque, Philip"]
[Black "Silverman, Robert"]
[Result "0-1"]
[WhiteElo "1669"]
[BlackElo "1871"]

1. Nf3 g6 2. e4 Bg7 3. d4 d6 4. c3 e5 5. dxe5 dxe5 6. Qxd8+ Kxd8 7. Bc4 
Be6 8. Bxe6 fxe6 9. Bg5+ Kc8 10. Na3 Nc6 11. O-O-O h6 12. Bh4 g5 13. Bg3 
g4 14. Nh4 Nge7 15. Nc4 b5 16. Ne3 h5 17. b4 a5 18. a3 axb4 19. axb4 Kb7 
20. Kb2 Nc8 21. Nc2 Nd6 22. f3 Nc4+ 23. Kb3 Bf6 24. Ra1 Rxa1 25. Rxa1 Nd2+
26. Kb2 Bxh4 27. Bxh4 gxf3 28. Be1 Nc4+ 29. Kb3 fxg2 30. Bf2 Rf8 31. Bg1 
Nd2+ 32. Kb2 Rf1 33. Ne3 Rxa1 34. Kxa1 Nf3 35. Nxg2 Nxg1 36. Kb2 Nf3 37. 
h3 Ne7 38. Kc2 Ng5 39. h4 Nxe4 40. Kd3 Nd6 41. Ne3 e4+ 42. Ke2 Nd5 43. Kd2
Nf5 0-1